书目信息 |
| 题名: |
红楼梦
|
|
| 作者: | 曹雪芹 著 | |
| 分册: | 4 | |
| 出版信息: | 北京 外文出版社 2005.01 |
|
| 页数: | 1915-2556页 | |
| 开本: | 18cm | |
| 丛书名: | ||
| 单 册: | ||
| 中图分类: | I242.4 | |
| 科图分类: | ||
| 主题词: | 章回小说--zhang hui xiao shuo--英文--中国--清代 | |
| 电子资源: | ||
| ISBN: | 7-119-00643-6 | |
| 000 | 00807nam0 2200229 450 | |
| 001 | 012007663973 | |
| 005 | 20071008100612.37 | |
| 010 | @a7-119-00643-6@dCNY21.25 | |
| 100 | @a20070730d2005 km y0chiy0120 ea | |
| 101 | 0 | @achi@aeng |
| 102 | @aCN@b110000 | |
| 105 | @aa z 000ay | |
| 200 | 1 | @a红楼梦@Ahong lou meng@d= A dream of Red Mansions@h4@f(清) 曹雪芹著@F(qing)cao xue qin zhu@zeng |
| 210 | @a北京@c外文出版社@d2005.01 | |
| 215 | @a1915-2556页@c图@d18cm | |
| 330 | @a本书主要讲述了中国历史上的有名章回小说,书中主要描述了贾宝玉和林黛俞的爱情悲剧故事,同时也描述了清王朝的没落。 | |
| 510 | 1 | @aDream of Red Mansions@zeng |
| 606 | 0 | @a章回小说@Azhang hui xiao shuo@x英文@y中国@z清代 |
| 690 | @aI242.4@v4 | |
| 701 | 0 | @a曹雪芹@Acao xue qin@4著 |
| 801 | 0 | @aCN@c20071008 |
| 905 | @dI242.4@eC155:4 | |
| 红楼梦= A dream of Red Mansions.4/(清) 曹雪芹著.-北京:外文出版社,2005.01 |
| 1915-2556页:图;18cm |
| ISBN 7-119-00643-6:CNY21.25 |
| 本书主要讲述了中国历史上的有名章回小说,书中主要描述了贾宝玉和林黛俞的爱情悲剧故事,同时也描述了清王朝的没落。 |
| ● |
| 相关链接 |
|
|
|
正题名:红楼梦
索取号:I242.4/C155:4
 
预约/预借
| 序号 | 登录号 | 条形码 | 馆藏地/架位号 | 状态 | 备注 |
| 1 | 251827 | 202518276 | 文学库108/400B社科库 27排2列4层/ [索取号:I242.4/C155:4] | 在馆 |